000 01351cam a2200337 4500
001 ABS66885
008 030721n2003 000 0 eng u
035 _a(Sirsi) u123073
100 _aPavlou, L.
245 4 _aThe 25-year leases of the first wave of retail warehouse developments in the UK are about to expire: what will be the impact on the sector.
260 _c2003
490 _aJournal of Retail and Leisure Property
_v3(1) 2003, 80-85(6)
520 _aLooks at the factors that come into play on lease expiries for retail warehouses from a tenant's, landlord's and town's perspective. Examines how modern retailing requirements and the current planning regime for out-of-town retail space impact upon the tenant's and landlord's decisions. [Taken from journal abstract].
590 _aABS
650 _aMIXED-USE SCHEMES
650 _aPLANNING POLICY GUIDANCE NOTE SIX
650 _aPLANNING POLICY GUIDANCE NOTE 13
650 _aLANDLORD AND TENANT ACT 1954
650 _aCOMMERCIAL LEASES
650 _aRETAIL PARKS
650 _aPLANNING SYSTEM
650 _aOUT-OF-TOWN RETAIL
650 _aRETAIL WAREHOUSES
650 _aLEASE EXPIRY
650 _aTENANTS
650 _aLANDLORDS
650 _aMEZZANINES
650 _aCAR PARKING
690 _aPROPERTY-COMMERCIAL PROPERTY-RETAIL PROPERTY
942 _n0
999 _c73080
_d73080